Extreme Trivia - Statistics

General Stats
  • This quiz has been taken 3,247 times
    2,771 since last reset
  • The average score is 21 of 50
Answer Stats
Hint Answer % Correct
The "Big Apple" refers to... NewYork
90%
Invented the telephone Alexander Graham Bell
88%
Who is the Teddy Bear named after Theodore Roosevelt
80%
Mt. Everest is located in what country? Nepal/China
79%
In WWII which country suffered the most casualties Russia
77%
In WWII Poland was invaded and split between Germany &... Soviet Union
77%
Nairobi is the capital of what country? Kenya
75%
How many Oscars did Alfred Hitchcock win? None
72%
Painted the Sistine Chapel Michelangelo
71%
How many squares are there on a chess board? 64
69%
Your my brotha from another ______ Motha
69%
Capital city of Canada Ottawa
65%
In Starwars, who killed Obi Wan? Darth Vader
59%
Greek god of war Ares
57%
Hitler's religion Catholic
55%
Only mammal that can't jump Elephant
55%
Pope's personal bodyguard Swiss Guard
55%
Smallest country in land mass Vatican City
51%
In spanish, "el aleman" means... German
50%
Largest city in Latvia Riga
49%
Second biggest city in South Africa Cape Town
46%
The Asiatic lion reigns in the western part of what country? India
46%
William the Conquerer invaded what region of France? Normandy
46%
The Gallapagos islands belong to what country? Ecuador
45%
DEA stands for... Drug Enforcement Agency
43%
Largest battle in the American Civil War Gettysburg
43%
Kia opperates out of what Country? South Korea
42%
What # was Michael Jordan on the Bulls 23
41%
Tony the Tiger represents what brand? Frosted Flakes
41%
JFK stands for... John Fitzgerald Kennedy
40%
Who wrote "The Count of Monte Cristo" ? Alexandre Dumas
37%
Which country produces the most wool? Australia
37%
Capital of Belarus Minsk
35%
Who founded Scientology? L Ron Hubbard
31%
Kanye West is from what American city? Chicago
29%
What Vehicle company makes the "Outback" ? Subaru
29%
What iconic English monarch was born 8 September, 1157? Richard I "The Lion Heart"
21%
Andrew Jackson was most famous for his victory at ___ In the War of 1812 New Orleans
20%
Which actor played Sam in "Transformers" Shia Labeouf
17%
The McDonald's franchise opened in what year? 1955
16%
Which country is said to be the most diverse speaking, with over 850 languages? Papua New Guinea
15%
NBA player with most career points Kareem Abdul Jabbar
14%
What college did Michael Vick go to? VA Tech
13%
#34 on the Chicago Bears was retired for this player Walter Payton
13%
African slaves were first brought to the America's in what town Jamestown, VA
11%
How many home runs did Babe Ruth have? 714
8%
What was the Soviet Union's first occupation? Estonia
7%
Which American general came out victorious at the battle of Gettysburg? General George Mead
5%
Big Bass Pro Shop is the #1 tourist attraction in what US state? Missouri
5%
Potbelly Sandwiches was created in 1977 by... Peter Hastings
1%
No matching quizzes found
Score Distribution
Percent of People with Each Score
Percentile by Number Answered
Your Score History
You have not taken this quiz since the last reset